000 00896nam a2200229 a 4500
001 000025635
005 20200930023931.0
008 110218s1979 cu a r 000 0 spa d
040 _aDO-SdBNP
_bspa
_cBNPHU
082 _axxxxx
_bR311t
245 0 0 _aRecopilación de textos sobre Juan Marinello /
_cSelección Trinidad Pérez , Pedro Simón.
260 _aLa Habana :
_bCentro de Investigaciones Literarias Casa de las Américas,
_c1979.
300 _a781 p. :
_bil. ;
_c21 cm.
490 1 _aValoraciones múltiples
500 _aIncluye referencia biográfica del Juan Marinello en la contracubierta.
500 _aIncluye referencias bibliográfias p.[759-777].
504 _aIncluye referencias bibliográficas y notas al pie de las páginas.
700 1 _aPérez, Trinidad,
_epról.
_99863
700 1 _aSimón, Pedro
_99866
830 0 _aValoraciones múltiples
_952353
049 _aBNGR
999 _c25127
_d25127